[Event "SWE-chT 1314"]
[Site "Sweden"]
[Date "2014.03.09"]
[Round "9.5"]
[White "Gajic, Mladen"]
[Black "Orndahl, Markus"]
[Result "0-1"]
[WhiteElo "2246"]
[BlackElo "2191"]
[PlyCount "90"]
[EventDate "2013.11.22"]
[EventType "team-tourn"]
[EventRounds "9"]
[EventCountry "SWE"]
[SourceTitle "EXT 2015"]
[Source "ChessBase"]
[SourceDate "2014.11.20"]
[SourceVersion "1"]
[SourceVersionDate "2014.11.20"]
[SourceQuality "1"]
[WhiteTeam "Orgryte"]
[BlackTeam "Vasteras"]
[WhiteTeamCountry "SWE"]
[BlackTeamCountry "SWE"]

1. b3 e5 2. Bb2 Nc6 3. g3 g6 4. Bg2 Bg7 5. c4 Nge7 6. Nc3 0-0 7. d3 h6 8. Nf3 f5 9. Nd2 d6 10. Nf1 Nd4 11. Ne3 c6 12. f4 exf4 13. gxf4 g5 14. fxg5 hxg5 15. h3 Ng6 16. Nc2 Nh4 17. Bf1 Qe7 18. Nxd4 Bxd4 19. Kd2 Be3+ 20. Kc2 f4 21. Qe1 Bf5 22. Nd1 Bb6 23. Qc3 Kh7 24. Rc1 a5 25. Kb1 Rf7 26. Ka1 Bg6 27. Rc2 Re8 28. a3 Nf5 29. h4 Nxh4 30. e4 fxe3 31. Rch2 Rf4 32. Qc1 Bd4 33. Nc3 Qf6 34. Be2 Kg7 35. Kb1 Nf3 36. Bxf3 Bxd3+ 37. Ka2 Rxf3 38. Rh5 Bg6 39. Rh6 Rf2 40. Ka1 Rc2 41. Qd1 Rd2 42. Qg4 e2 43. Qd7+ Re7 44. Qc8 e1Q+ 45. Ka2 Rxb2+ 0-1

[Event "Rilton Cup 43rd"]
[Site "Stockholm"]
[Date "2014.01.04"]
[Round "8"]
[White "Orndahl, Markus"]
[Black "Jogstad, Martin"]
[Result "1/2-1/2"]
[WhiteElo "2206"]
[BlackElo "1941"]
[PlyCount "51"]
[EventDate "2013.12.27"]
[EventType "swiss"]
[EventRounds "9"]
[EventCountry "SWE"]
[SourceTitle "CBM 158 Extra"]
[Source "ChessBase"]
[SourceDate "2014.02.28"]
[SourceVersion "1"]
[SourceVersionDate "2014.02.28"]
[SourceQuality "1"]

1. e4 e6 2. d4 d5 3. exd5 exd5 4. Nc3 c6 5. Bd3 Bd6 6. Nge2 Qc7 7. Bg5 Ne7 8. Qd2 f6 9. Bh4 Bf5 10. Bg3 Bxd3 11. Qxd3 Nd7 12. 0-0 0-0 13. Rae1 Ng6 14. Qf5 Bxg3 15. hxg3 Rfe8 16. Nc1 Ndf8 17. Nd3 Qd7 18. Qh5 Rxe1 19. Rxe1 Re8 20. Rb1 Ne6 21. Qg4 Nc5 22. Qxd7 Nxd7 23. Kf1 Kf7 24. Na4 Ngf8 25. b4 b5 26. Nac5 1/2-1/2

[Event "Rilton Cup 43rd"]
[Site "Stockholm"]
[Date "2013.12.28"]
[Round "2"]
[White "Orndahl, Markus"]
[Black "Von Bahr, Oskar"]
[Result "1/2-1/2"]
[WhiteElo "2206"]
[BlackElo "2298"]
[PlyCount "62"]
[EventDate "2013.12.27"]
[EventType "swiss"]
[EventRounds "9"]
[EventCountry "SWE"]
[SourceTitle "CBM 158 Extra"]
[Source "ChessBase"]
[SourceDate "2014.02.28"]
[SourceVersion "1"]
[SourceVersionDate "2014.02.28"]
[SourceQuality "1"]

1. e4 e5 2. d4 exd4 3. Qxd4 Nc6 4. Qe3 g6 5. Nc3 Bg7 6. Bd2 Nf6 7. 0-0-0 0-0 8. f3 d6 9. Qf2 Be6 10. Bg5 h6 11. Be3 a6 12. h4 Ne5 13. Nh3 b5 14. Qd2 h5 15. Nf4 Bc4 16. b3 Bxf1 17. Rdxf1 Re8 18. Rd1 a5 19. a4 bxa4 20. Nxa4 Qd7 21. Bd4 Bh6 22. Qe3 Rab8 23. g3 Rb4 24. Qc3 Rxa4 25. bxa4 Qxa4 26. Qb3 Qc6 27. Rhf1 Nfd7 28. Qd5 Qa4 29. Qb3 Qc6 30. Qd5 Qa4 31. Qb3 Qc6 1/2-1/2

[Event "Rilton Cup 43rd"]
[Site "Stockholm"]
[Date "2013.12.27"]
[Round "1"]
[White "Akesson, Ralf"]
[Black "Orndahl, Markus"]
[Result "1-0"]
[WhiteElo "2448"]
[BlackElo "2206"]
[PlyCount "103"]
[EventDate "2013.12.27"]
[EventType "swiss"]
[EventRounds "9"]
[EventCountry "SWE"]
[SourceTitle "CBM 158 Extra"]
[Source "ChessBase"]
[SourceDate "2014.02.28"]
[SourceVersion "1"]
[SourceVersionDate "2014.02.28"]
[SourceQuality "1"]

1. d4 Nf6 2. c4 c5 3. d5 b5 4. cxb5 a6 5. bxa6 g6 6. Nc3 Bxa6 7. e4 Bxf1 8. Kxf1 d6 9. g3 Bg7 10. Kg2 Nbd7 11. Nf3 0-0 12. a4 Ng4 13. Qe2 Qb6 14. Nd2 Ngf6 15. Nc4 Qb7 16. Bd2 Ra6 17. Nb5 Rfa8 18. b3 Ne8 19. Rad1 Nc7 20. Nxc7 Qxc7 21. Qd3 Ne5 22. Nxe5 Bxe5 23. a5 Qb7 24. Rb1 Rxa5 25. Bxa5 Rxa5 26. Rhc1 Rb5 27. Rc4 Rb6 28. Ra4 h5 29. Qc4 h4 30. gxh4 Kg7 31. h3 Qd7 32. h5 Rb8 33. hxg6 Rh8 34. Rh1 fxg6 35. Qe2 Rh4 36. Rc4 Qe8 37. b4 cxb4 38. Rxb4 Qf7 39. Qe3 Qf6 40. Rg1 Rf4 41. Rc4 Qg5+ 42. Kf1 Qh5 43. Rg3 Rh4 44. Rf3 Bf6 45. Kg2 Qe5 46. Rg3 Rh8 47. Rg4 Rb8 48. Rc7 Rb4 49. Qf4 Qxf4 50. Rxf4 g5 51. Rg4 Kg6 52. e5 1-0

[Event "EU-ch rapid"]
[Site "Warsaw"]
[Date "2013.12.15"]
[Round "10"]
[White "Kuzmicz, Krystian"]
[Black "Orndahl, Markus"]
[Result "1-0"]
[WhiteElo "2451"]
[BlackElo "2206"]
[PlyCount "97"]
[EventDate "2013.12.14"]
[EventType "swiss (rapid)"]
[EventRounds "11"]
[EventCountry "POL"]
[SourceTitle "CBM 157 Extra"]
[Source "ChessBase"]
[SourceDate "2013.12.19"]
[SourceVersion "1"]
[SourceVersionDate "2013.12.19"]
[SourceQuality "1"]

1. e4 c5 2. d3 e6 3. g3 g6 4. Bg2 Bg7 5. f4 Ne7 6. Nf3 Nbc6 7. 0-0 0-0 8. c3 d6 9. Be3 Rb8 10. Bf2 f5 11. Re1 h6 12. Na3 b5 13. exf5 gxf5 14. d4 c4 15. Nc2 Nd5 16. Ne3 Nce7 17. Nd2 Nf6 18. a4 a6 19. axb5 axb5 20. Nc2 Ned5 21. Nf1 Qd7 22. Nfe3 Bb7 23. Nxd5 Bxd5 24. Bxd5 exd5 25. Ne3 Rbe8 26. Qf3 Re4 27. h3 h5 28. Ra6 Bh6 29. Rea1 Rfe8 30. Ng2 Re2 31. Ne3 R2xe3 32. Bxe3 Qe6 33. Bf2 Re7 34. Rb6 Bf8 35. Rxb5 Rg7 36. Re1 Ne4 37. Kh2 Qf7 38. Ra1 Rg6 39. Raa5 h4 40. gxh4 Bh6 41. Ra1 Kh7 42. Rba5 Rg7 43. Rg1 Rxg1 44. Kxg1 Qg7+ 45. Qg2 Qb7 46. h5 Bxf4 47. Qg6+ Kh8 48. h6 Ng5 49. Ra8+ 1-0

[Event "SWE-chT 1314"]
[Site "Sweden"]
[Date "2013.11.22"]
[Round "1.2"]
[White "Olsson, Linus"]
[Black "Orndahl, Markus"]
[Result "1-0"]
[WhiteElo "2275"]
[BlackElo "2203"]
[PlyCount "87"]
[EventDate "2013.11.22"]
[EventType "team-tourn"]
[EventRounds "9"]
[EventCountry "SWE"]
[SourceTitle "CBM 157 Extra"]
[Source "ChessBase"]
[SourceDate "2013.12.19"]
[SourceVersion "1"]
[SourceVersionDate "2013.12.19"]
[SourceQuality "1"]
[WhiteTeam "Lunds"]
[BlackTeam "Vasteras"]
[WhiteTeamCountry "SWE"]
[BlackTeamCountry "SWE"]

1. d4 d5 2. c4 c6 3. Nf3 Nf6 4. Nc3 a6 5. c5 Bf5 6. Bf4 h6 7. e3 g5 8. Bg3 Bg7 9. Bd3 Bxd3 10. Qxd3 Nbd7 11. h3 Nh5 12. Bh2 0-0 13. g4 Nhf6 14. h4 gxh4 15. g5 Nh7 16. gxh6 Bf6 17. 0-0-0 Kh8 18. e4 e6 19. Bf4 Rg8 20. Rdg1 Ndf8 21. Rxg8+ Kxg8 22. Rg1+ Kh8 23. Ne5 Qe8 24. exd5 cxd5 25. Kb1 Rc8 26. Qc2 Nd7 27. Nxd7 Qxd7 28. Be5 Bxe5 29. dxe5 Rg8 30. Rxg8+ Kxg8 31. f4 Nf8 32. Qg2+ Ng6 33. f5 exf5 34. Nxd5 Qe6 35. Nf6+ Kf8 36. Qxb7 Nxe5 37. Qa8+ Ke7 38. Nd5+ Kd7 39. Nb6+ Ke7 40. Nd5+ Kd7 41. Qb7+ Kd8 42. Qb8+ Kd7 43. Nf4 Qf6 44. h7 1-0

[Event "SWE-ch U20"]
[Site "Vasteras"]
[Date "2011.07.24"]
[Round "9"]
[White "Janse, Rasmus"]
[Black "Orndahl, Markus"]
[Result "1/2-1/2"]
[WhiteElo "2178"]
[BlackElo "2235"]
[PlyCount "23"]
[EventDate "2011.07.16"]
[EventType "tourn"]
[EventRounds "9"]
[EventCountry "SWE"]
[SourceTitle "CBM 143 Extra"]
[Source "ChessBase"]
[SourceDate "2011.08.29"]
[SourceVersion "1"]
[SourceVersionDate "2011.08.29"]
[SourceQuality "1"]

1. d4 d5 2. c4 c6 3. Nf3 Nf6 4. Nc3 a6 5. c5 Bf5 6. Bf4 h6 7. h3 g5 8. Bh2 Bg7 9. e3 0-0 10. Bd3 Bxd3 11. Qxd3 b6 12. cxb6 1/2-1/2

[Event "SWE-ch U20"]
[Site "Vasteras"]
[Date "2011.07.22"]
[Round "7"]
[White "Vaarala, Eric"]
[Black "Orndahl, Markus"]
[Result "1-0"]
[WhiteElo "2184"]
[BlackElo "2235"]
[PlyCount "67"]
[EventDate "2011.07.16"]
[EventType "tourn"]
[EventRounds "9"]
[EventCountry "SWE"]
[SourceTitle "CBM 143 Extra"]
[Source "ChessBase"]
[SourceDate "2011.08.29"]
[SourceVersion "1"]
[SourceVersionDate "2011.08.29"]
[SourceQuality "1"]

1. Nf3 Nf6 2. c4 g6 3. b3 Bg7 4. Bb2 0-0 5. Nc3 d6 6. d4 c6 7. e3 a6 8. Bd3 b5 9. Qc2 Nbd7 10. Ne4 bxc4 11. bxc4 Rb8 12. Bc3 Nxe4 13. Bxe4 c5 14. d5 Bxc3+ 15. Qxc3 Qb6 16. 0-0 Qb4 17. Qc2 Qa3 18. Rab1 Rxb1 19. Rxb1 Nf6 20. Bd3 Qa5 21. h3 Kg7 22. Nd2 Bd7 23. Rb7 Ra8 24. Qb2 Qd8 25. Ne4 Bc8 26. Nxf6 exf6 27. Rb6 a5 28. g4 h6 29. Rc6 Ra6 30. Qb8 Rxc6 31. dxc6 Kf8 32. Be4 Ke7 33. Bd5 f5 34. Qa7+ 1-0

[Event "SWE-ch U20"]
[Site "Vasteras"]
[Date "2011.07.18"]
[Round "3"]
[White "Wickstrom, Lucas"]
[Black "Orndahl, Markus"]
[Result "0-1"]
[WhiteElo "2236"]
[BlackElo "2235"]
[PlyCount "50"]
[EventDate "2011.07.16"]
[EventType "tourn"]
[EventRounds "9"]
[EventCountry "SWE"]
[SourceTitle "CBM 143 Extra"]
[Source "ChessBase"]
[SourceDate "2011.08.29"]
[SourceVersion "1"]
[SourceVersionDate "2011.08.29"]
[SourceQuality "1"]

1. d4 g6 2. e4 c5 3. Nf3 Bg7 4. c3 cxd4 5. cxd4 d5 6. e5 Bg4 7. Qa4+ Nc6 8. Bb5 Bxf3 9. gxf3 Qb6 10. Bxc6+ bxc6 11. Nd2 Nh6 12. Nb3 Nf5 13. Bd2 0-0 14. Rc1 Rac8 15. f4 f6 16. Ke2 Bh6 17. Be3 Nh4 18. Rhg1 Qb7 19. Rc3 Qd7 20. Nc5 Qf5 21. Qc2 Qh5+ 22. Kf1 Nf3 23. Rg3 fxe5 24. f5 Bxe3 25. fxe3 Rxf5 0-1

[Event "SWE-ch U20"]
[Site "Vasteras"]
[Date "2011.07.16"]
[Round "1"]
[White "Berggren, Jonatan"]
[Black "Orndahl, Markus"]
[Result "1/2-1/2"]
[WhiteElo "2135"]
[BlackElo "2235"]
[PlyCount "143"]
[EventDate "2011.07.16"]
[EventType "tourn"]
[EventRounds "9"]
[EventCountry "SWE"]
[SourceTitle "CBM 143 Extra"]
[Source "ChessBase"]
[SourceDate "2011.08.29"]
[SourceVersion "1"]
[SourceVersionDate "2011.08.29"]
[SourceQuality "1"]

1. e4 e6 2. d4 d5 3. e5 c5 4. c3 Nc6 5. Nf3 Bd7 6. Be2 Be7 7. a3 c4 8. 0-0 Na5 9. Nbd2 Bc6 10. Ne1 Qd7 11. Bg4 Ba4 12. Qe2 g6 13. g3 h5 14. Bh3 Nh6 15. Ng2 0-0-0 16. Ne3 g5 17. Bg2 g4 18. Re1 Kb8 19. Rb1 Rdg8 20. f4 gxf3 21. Nxf3 h4 22. Nf1 Nf5 23. Bf4 hxg3 24. hxg3 Rg6 25. Kf2 Qd8 26. Ne3 Nxe3 27. Kxe3 Qg8 28. Qf2 Rg4 29. Rh1 Rxh1 30. Rxh1 Qg6 31. Ne1 Bg5 32. Bf3 Bxf4+ 33. gxf4 Rg3 34. Ke2 Bc2 35. Kf1 Bd3+ 36. Nxd3 cxd3 37. Rg1 Rxg1+ 38. Qxg1 Qxg1+ 39. Kxg1 Nc4 40. Kf2 Nxb2 41. Ke3 Kc7 42. Bh5 f5 43. exf6 Kd7 44. Bf7 b5 45. Bg8 Nc4+ 46. Kxd3 Nxa3 47. f7 Ke7 48. f8Q+ Kxf8 49. Bxe6 Ke7 50. Bxd5 Kf6 51. Ba2 a5 52. d5 b4 53. cxb4 axb4 54. Bc4 Nb1 55. d6 Nc3 56. f5 Na4 57. Kd4 Nb6 58. Be6 b3 59. Kc3 b2 60. Kxb2 Na4+ 61. Kc2 Nc5 62. Bc8 Ne4 63. d7 Ke7 64. Kd3 Nc5+ 65. Kd4 Nxd7 66. Bxd7 Kxd7 67. Kd5 Ke7 68. Ke5 Kf7 69. f6 Kf8 70. Ke6 Ke8 71. f7+ Kf8 72. Kf6 1/2-1/2

[Event "Albena op 19th"]
[Site "Albena"]
[Date "2011.06.30"]
[Round "6"]
[White "Sotirov, Nikolaj"]
[Black "Orndahl, Markus"]
[Result "0-1"]
[WhiteElo "2034"]
[BlackElo "2235"]
[PlyCount "106"]
[EventDate "2011.06.25"]
[EventType "swiss"]
[EventRounds "9"]
[EventCountry "BUL"]
[SourceTitle "CBM 143 Extra"]
[Source "ChessBase"]
[SourceDate "2011.08.29"]
[SourceVersion "1"]
[SourceVersionDate "2011.08.29"]
[SourceQuality "1"]

1. e4 c5 2. c3 Nf6 3. e5 Nd5 4. d4 cxd4 5. cxd4 Nc6 6. Nf3 d6 7. Bc4 dxe5 8. Nxe5 Be6 9. 0-0 g6 10. Qb3 Bg7 11. Rd1 0-0 12. Nxc6 bxc6 13. Nc3 Rb8 14. Qa3 Nb4 15. Bxe6 fxe6 16. Qa4 Qb6 17. Be3 Nd5 18. Nxd5 cxd5 19. b3 Rbc8 20. Rac1 Bf6 21. Qd7 Qa6 22. b4 Rcd8 23. Qc6 Rd6 24. Qc5 Qxa2 25. Ra1 Qc4 26. Rxa7 Rc6 27. Qa5 Qe2 28. Rf1 Rc2 29. Qa6 Qxa6 30. Rxa6 Kf7 31. Rb6 Rfc8 32. g3 Rb2 33. Re1 Rc4 34. Rxe6 Kxe6 35. Bc1+ Kd7 36. Bxb2 Rxb4 37. Re2 Bxd4 38. Bxd4 Rxd4 39. f4 Kd6 40. Kf2 Rd3 41. Ra2 Rc3 42. Ke2 Rb3 43. Rc2 Ra3 44. Rb2 Rc3 45. Ra2 h5 46. Kd2 Rc6 47. Kd3 Rb6 48. Kd4 Rb4+ 49. Kd3 Rb3+ 50. Kd4 e6 51. Ra7 h4 52. g4 Rf3 53. Rf7 g5 0-1